Normal view
MARC view
- Seshan, Krishna
Entry Personal Name
001 - CONTROL NUMBER
- control field: 63469
003 - CONTROL NUMBER IDENTIFIER
- control field: NUST
005 - DATE AND TIME OF LATEST TRANSACTION
- control field: 20210628203126.0
008 - FIXED-LENGTH DATA ELEMENTS
- fixed length control field: 210628|| aca||aabn | a|a d
040 ## - CATALOGING SOURCE
- Original cataloging agency: NUST
- Transcribing agency: NUST
100 ## - HEADING--PERSONAL NAME
- Personal name: Seshan, Krishna
670 ## - SOURCE DATA FOUND
- Source citation: Work cat.: (NUST): Seshan, Krishna, Handbook of thin film deposition processes and techniques , principles, methods, equpment and applicaitons, 2002
